<?xml version="1.0" encoding="UTF-8"?>
<record
    xmlns:xsi="http://www.w3.org/2001/XMLSchema-instance"
    xsi:schemaLocation="http://www.loc.gov/MARC21/slim http://www.loc.gov/standards/marcxml/schema/MARC21slim.xsd"
    xmlns="http://www.loc.gov/MARC21/slim">

  <leader>00951cam a2200253 a 4500</leader>
  <controlfield tag="001">78643</controlfield>
  <controlfield tag="003">BD-RjUL</controlfield>
  <controlfield tag="005">20211209083145.0</controlfield>
  <controlfield tag="008">210223s19581477le       b    001 0 ara d</controlfield>
  <datafield tag="035" ind1=" " ind2=" ">
    <subfield code="a">(BD-RjUL)78869</subfield>
  </datafield>
  <datafield tag="040" ind1=" " ind2=" ">
    <subfield code="a">MH</subfield>
    <subfield code="c">MH</subfield>
    <subfield code="d">CStRLIN</subfield>
    <subfield code="d">PU</subfield>
    <subfield code="b">eng</subfield>
  </datafield>
  <datafield tag="041" ind1=" " ind2=" ">
    <subfield code="a">ara</subfield>
  </datafield>
  <datafield tag="066" ind1=" " ind2=" ">
    <subfield code="c">(3</subfield>
  </datafield>
  <datafield tag="082" ind1=" " ind2=" ">
    <subfield code="2">23</subfield>
    <subfield code="a">892.71</subfield>
    <subfield code="b">IMD 1958</subfield>
  </datafield>
  <datafield tag="100" ind1="0" ind2=" ">
    <subfield code="a">Imru&#x2BC; al-Qays,;;; &#x627;&#x645;&#x631;&#x624; &#x627;&#x644;&#x642;&#x64A;&#x633; &#x628;&#x646; &#x62D;&#x62C;&#x631; &#x628;&#x646; &#x627;&#x644;&#x62D;&#x627;&#x631;&#x62B; &#x627;&#x644;&#x643;&#x646;&#x62F;&#x64A;&#x60C; </subfield>
    <subfield code="d">(&#x62D;&#x648;. 130-80 &#x642;. &#x647;&#x640;.)</subfield>
    <subfield code="9">245143</subfield>
  </datafield>
  <datafield tag="245" ind1="1" ind2="0">
    <subfield code="a">&#x62F;&#x64A;&#x648;&#x627;&#x646; &#x627;&#x645;&#x631;&#x626; &#x627;&#x644;&#x642;&#x64A;&#x633; ;; D&#x12B;w&#x101;n Imri&#x2BC; al-Qays /</subfield>
    <subfield code="c">Imru' al-Qays ibn Hajar ibn al-Harith al-Kindi  ;; &#x627;&#x645;&#x631;&#x624; &#x627;&#x644;&#x642;&#x64A;&#x633; &#x628;&#x646; &#x62D;&#x62C;&#x631; &#x628;&#x646; &#x627;&#x644;&#x62D;&#x627;&#x631;&#x62B; &#x627;&#x644;&#x643;&#x646;&#x62F;&#x64A;</subfield>
  </datafield>
  <datafield tag="250" ind1=" " ind2=" ">
    <subfield code="a">al-&#x1E6C;ab&#x2BF;ah 1.</subfield>
  </datafield>
  <datafield tag="260" ind1=" " ind2=" ">
    <subfield code="a">Bayr&#x16B;t :&#x628;&#x64A;&#x631;&#x648;&#x62A; :</subfield>
    <subfield code="b">&#x62F;&#x627;&#x631; &#x635;&#x627;&#x62F;&#x631; &#x644;&#x644;&#x637;&#x628;&#x627;&#x639;&#x629; &#x648;&#x627;&#x644;&#x646;&#x634;</subfield>
    <subfield code="c"> 1958 [1378</subfield>
  </datafield>
  <datafield tag="300" ind1=" " ind2=" ">
    <subfield code="a">176p. ;</subfield>
    <subfield code="c">24 cm.</subfield>
  </datafield>
  <datafield tag="504" ind1=" " ind2=" ">
    <subfield code="a">Includes bibliographical references</subfield>
  </datafield>
  <datafield tag="650" ind1=" " ind2="0">
    <subfield code="a">Arabic poetry</subfield>
    <subfield code="y">To 622.</subfield>
    <subfield code="9">245144</subfield>
  </datafield>
  <datafield tag="942" ind1=" " ind2=" ">
    <subfield code="2">ddc</subfield>
    <subfield code="c">BK</subfield>
  </datafield>
  <datafield tag="999" ind1=" " ind2=" ">
    <subfield code="c">78643</subfield>
    <subfield code="d">78643</subfield>
  </datafield>
  <datafield tag="952" ind1=" " ind2=" ">
    <subfield code="0">0</subfield>
    <subfield code="1">0</subfield>
    <subfield code="2">ddc</subfield>
    <subfield code="4">0</subfield>
    <subfield code="7">1</subfield>
    <subfield code="8">NFIC</subfield>
    <subfield code="a">RUCL</subfield>
    <subfield code="b">RUCL</subfield>
    <subfield code="c">Reading</subfield>
    <subfield code="d">1964-04-30</subfield>
    <subfield code="e">Urdu Library , </subfield>
    <subfield code="l">0</subfield>
    <subfield code="o">A 892.71 IMD 1958</subfield>
    <subfield code="r">2021-10-26 00:00:00</subfield>
    <subfield code="t">C-1</subfield>
    <subfield code="w">2021-10-26</subfield>
    <subfield code="y">BK</subfield>
  </datafield>
</record>
